000 00723nam a22002057a 4500
005 20251108165421.0
008 250721s9999 xx 000 0 ara d
082 1 4 _aم/933/أحم
100 1 _aسوسه، أحمد
245 1 0 _aالعرب و اليهود في التاريخ :
_bحقائق تاريخية تظهرها المكتشفات الآثارية /
250 _aط6 . ، مزيدة و منقحة
264 1 _aدمشق :
_bالعربي للإعلان و النشر و الطباعة و التوزيع،
_c[19-].
300 _a890ص : مص
650 1 7 _aفلسطين
650 1 7 _aالتاريخ القديم
650 1 7 _aاليهود
650 1 7 _aالتاريخ
942 _2ddc
_cREF
999 _c27400
_d27400